[Event "SVK-chT3B2 1718"]
[Site "Slovakia"]
[Date "2018.01.21"]
[Round "8.8"]
[White "Cesnek, Peter"]
[Black "Drazo, Pavol"]
[Result "1-0"]
[WhiteElo "1674"]
[BlackElo "1762"]
[PlyCount "65"]
[EventDate "2017.10.08"]
[EventType "team-tourn"]
[EventRounds "11"]
[EventCountry "SVK"]
[SourceTitle "EXT 2019"]
[Source "ChessBase"]
[SourceDate "2018.10.10"]
[SourceVersion "1"]
[SourceVersionDate "2018.10.10"]
[SourceQuality "1"]
[WhiteTeam "Povazska Bystrica Sparta II"]
[BlackTeam "Bojnice"]
[WhiteTeamCountry "SVK"]
[BlackTeamCountry "SVK"]

1. e4 e5 2. Nf3 Nf6 3. Bc4 Nc6 4. d3 d5 5. exd5 Nxd5 6. 0-0 Be7 7. Bb5 Bg4 8. h3 Bh5 9. g4 Bg6 10. Bxc6+ bxc6 11. Nxe5 Qd6 12. Re1 f6 13. Nc4 Qd7 14. Nc3 h5 15. Ne3 Nxe3 16. Bxe3 hxg4 17. Bc5 gxh3 18. Rxe7+ Qxe7 19. Bxe7 Kxe7 20. Qg4 Rh6 21. Re1+ Kf8 22. Kh2 Rd8 23. Qb4+ Kg8 24. Qc4+ Bf7 25. Qxc6 Rd4 26. Qxc7 f5 27. Qc8+ Kh7 28. Qxf5+ Bg6 29. Qc8 Rf4 30. Qc5 Rh5 31. Qe3 Rhf5 32. Ne4 Rf3 33. Ng5+ 1-0

[Event "SVK-chT3B2 1516"]
[Site "Slovakia"]
[Date "2016.02.07"]
[Round "7.8"]
[White "Kiss, Andrej"]
[Black "Cesnek, Peter"]
[Result "1/2-1/2"]
[WhiteElo "1237"]
[BlackElo "1682"]
[PlyCount "116"]
[EventDate "2015.10.11"]
[EventType "team-tourn"]
[EventRounds "11"]
[EventCountry "SVK"]
[SourceTitle "CBM 170 Extra"]
[Source "ChessBase"]
[SourceDate "2016.02.25"]
[SourceVersion "1"]
[SourceVersionDate "2016.02.25"]
[SourceQuality "1"]
[WhiteTeam "Myjava Spartak"]
[BlackTeam "Povazska Bystrica III"]
[WhiteTeamCountry "SVK"]
[BlackTeamCountry "SVK"]

1. e4 e5 2. Nf3 Nc6 3. Bb5 a6 4. Bxc6 dxc6 5. 0-0 Bd6 6. d4 Qe7 7. dxe5 Bxe5 8. Nxe5 Qxe5 9. Nc3 Bd7 10. Qe2 0-0-0 11. f4 Qe6 12. Be3 Nf6 13. f5 Qe5 14. Bf4 Qc5+ 15. Qf2 Qb4 16. Qa7 Qb6+ 17. Qxb6 cxb6 18. Bg5 h6 19. Bh4 Rde8 20. Rfe1 b5 21. a3 Ng4 22. Bg3 f6 23. h3 Ne5 24. b3 Re7 25. Bxe5 Rxe5 26. b4 Rhe8 27. Red1 Kc7 28. Rd2 R8e7 29. Rad1 Be8 30. Rd4 Rd7 31. Rxd7+ Bxd7 32. Kf2 Be8 33. Ke3 Bd7 34. g4 Be8 35. Kf4 Bf7 36. Ne2 g5+ 37. fxg6 Bxg6 38. Ng3 b6 39. Nf5 Re6 40. c3 Bxf5 41. gxf5 Rd6 42. Rd4 c5 43. Rxd6 Kxd6 44. e5+ fxe5+ 45. Ke4 a5 46. f6 Ke6 47. f7 Kxf7 48. Kxe5 Kg6 49. Kd5 cxb4 50. cxb4 axb4 51. axb4 Kg5 52. Kc6 Kh4 53. Kxb6 Kxh3 54. Kxb5 h5 55. Kc4 h4 56. b5 Kg2 57. b6 h3 58. b7 h2 1/2-1/2

[Event "SVK-chT3B2 1516"]
[Site "Slovakia"]
[Date "2016.01.31"]
[Round "6.8"]
[White "Cesnek, Peter"]
[Black "Holeckova, Marianna"]
[Result "1-0"]
[WhiteElo "1682"]
[BlackElo "1112"]
[PlyCount "117"]
[EventDate "2015.10.11"]
[EventType "team-tourn"]
[EventRounds "11"]
[EventCountry "SVK"]
[SourceTitle "CBM 170 Extra"]
[Source "ChessBase"]
[SourceDate "2016.02.25"]
[SourceVersion "1"]
[SourceVersionDate "2016.02.25"]
[SourceQuality "1"]
[WhiteTeam "Povazska Bystrica III"]
[BlackTeam "Dubnica nad Vahom IV"]
[WhiteTeamCountry "SVK"]
[BlackTeamCountry "SVK"]

1. e4 e5 2. Nf3 Nc6 3. Bc4 Bc5 4. Nc3 Nf6 5. d3 h6 6. 0-0 0-0 7. a3 d6 8. h3 Nd4 9. Na4 Nxf3+ 10. Qxf3 Bb6 11. Be3 Be6 12. Nxb6 axb6 13. Bxe6 fxe6 14. Qg3 Nh5 15. Qg4 Nf6 16. Qxe6+ Rf7 17. f4 Qe7 18. Qxe7 Rxe7 19. fxe5 dxe5 20. Bxh6 Nh5 21. Be3 Ng3 22. Rf3 Ne2+ 23. Kh2 Rf8 24. Rxf8+ Kxf8 25. Rf1+ Rf7 26. Rxf7+ Kxf7 27. g3 Nd4 28. Bxd4 exd4 29. Kg2 Kf6 30. Kf3 g5 31. Kg4 Kg6 32. e5 c5 33. e6 Kf6 34. e7 Kxe7 35. Kxg5 Kf7 36. Kf5 b5 37. Ke5 Ke7 38. h4 b6 39. g4 c4 40. Kxd4 cxd3 41. Kxd3 Ke6 42. Kc3 Ke5 43. Kb4 Kf4 44. g5 Kf5 45. Kxb5 Kg6 46. Kxb6 Kh5 47. c4 Kg6 48. b4 Kh5 49. a4 Kxh4 50. g6 Kg5 51. g7 Kf6 52. g8Q Ke7 53. Qg6 Kd8 54. Qg7 Ke8 55. a5 Kd8 56. a6 Ke8 57. c5 Kd8 58. a7 Ke8 59. a8R# 1-0

[Event "SVK-chT3B2 1516"]
[Site "Slovakia"]
[Date "2016.01.10"]
[Round "5.8"]
[White "Hoppan, Igor1"]
[Black "Cesnek, Peter"]
[Result "1/2-1/2"]
[WhiteElo "1482"]
[BlackElo "1682"]
[PlyCount "165"]
[EventDate "2015.10.11"]
[EventType "team-tourn"]
[EventRounds "11"]
[EventCountry "SVK"]
[SourceTitle "CBM 170 Extra"]
[Source "ChessBase"]
[SourceDate "2016.02.25"]
[SourceVersion "1"]
[SourceVersionDate "2016.02.25"]
[SourceQuality "1"]
[WhiteTeam "Prievidza II"]
[BlackTeam "Povazska Bystrica III"]
[WhiteTeamCountry "SVK"]
[BlackTeamCountry "SVK"]

1. e4 c6 2. Nf3 d5 3. exd5 cxd5 4. d4 Bf5 5. Nc3 e6 6. Bb5+ Nc6 7. Ne5 Rc8 8. 0-0 a6 9. Nxc6 bxc6 10. Bxa6 Rc7 11. Re1 Bd6 12. Bd3 Bg6 13. Qf3 Bxd3 14. Qxd3 h6 15. Qf3 Qh4 16. g3 Qxd4 17. Be3 Qb4 18. Rab1 Nf6 19. Bd2 Qc4 20. b3 Qg4 21. Qxg4 Nxg4 22. Ne2 0-0 23. Kg2 Ra8 24. a4 c5 25. Ra1 c4 26. h3 Nf6 27. Be3 Rb8 28. Nd4 Bb4 29. Bf4 Bxe1 30. Bxc7 Rb7 31. Rxe1 Rxc7 32. b4 Ne4 33. a5 e5 34. f3 exd4 35. fxe4 Re7 36. e5 Rb7 37. Rb1 d3 38. cxd3 cxd3 39. Kf3 d4 40. Ke4 d2 41. a6 Rxb4 42. Rd1 Ra4 43. Rxd2 Rxa6 44. Rxd4 Kf8 45. Kf5 g6+ 46. Ke4 Ke7 47. g4 Ra1 48. Rd3 Re1+ 49. Kd5 Ra1 50. Ke4 Ra6 51. h4 Ke6 52. Rd4 Ra1 53. Rd6+ Ke7 54. Kf4 Rf1+ 55. Kg3 Re1 56. Kf4 Ra1 57. Rb6 Ra4+ 58. Kf3 Ra3+ 59. Kf2 Rh3 60. Rb7+ Ke6 61. Rb1 Kxe5 62. Rb5+ Kf6 63. g5+ Kg7 64. Rb4 Rc3 65. Rd4 Rc5 66. Rg4 h5 67. Rd4 Rf5+ 68. Kg3 Kf8 69. Re4 Rb5 70. Kf3 Rb3+ 71. Kf4 Rh3 72. Ke5 Rg3 73. Rf4 Ke7 74. Re4 Rf3 75. Rf4 Rxf4 76. Kxf4 Kd6 77. Ke4 Ke6 78. Kf4 Kd5 79. Kf3 Ke5 80. Ke3 Kf5 81. Kf3 Ke6 82. Ke4 Kd6 83. Kd4 1/2-1/2

[Event "SVK-chT3B2 1516"]
[Site "Slovakia"]
[Date "2015.12.13"]
[Round "4.7"]
[White "Huserka, Frantisek"]
[Black "Cesnek, Peter"]
[Result "0-1"]
[WhiteElo "1438"]
[BlackElo "1682"]
[PlyCount "53"]
[EventDate "2015.10.11"]
[EventType "team-tourn"]
[EventRounds "11"]
[EventCountry "SVK"]
[SourceTitle "CBM 170 Extra"]
[Source "ChessBase"]
[SourceDate "2016.02.25"]
[SourceVersion "1"]
[SourceVersionDate "2016.02.25"]
[SourceQuality "1"]
[WhiteTeam "Nemsova Horne Srnie"]
[BlackTeam "Povazska Bystrica III"]
[WhiteTeamCountry "SVK"]
[BlackTeamCountry "SVK"]

1. e4 c6 2. Nf3 d5 3. exd5 cxd5 4. d4 Nc6 5. c3 Bf5 6. Bb5 e6 7. Nh4 Bg6 8. Nxg6 hxg6 9. Be3 Qb6 10. Qa4 Bd6 11. g3 a6 12. Bxc6+ bxc6 13. Qc2 Nf6 14. Nd2 Ng4 15. 0-0-0 Kd7 16. Rdg1 Rh3 17. Nf3 Be7 18. Ne5+ Nxe5 19. dxe5 c5 20. f4 Qa5 21. Qb3 Qb5 22. Qxb5+ axb5 23. a3 Rah8 24. Rd1 Rc8 25. Kb1 Ra8 26. Rd2 Kc6 27. Rhd1 0-1

[Event "SVK-chT3B2 1415"]
[Site "Slovakia"]
[Date "2015.04.26"]
[Round "9.2"]
[White "Cesnek, Peter"]
[Black "Hoppan, Igor1"]
[Result "1/2-1/2"]
[WhiteElo "1642"]
[BlackElo "1477"]
[PlyCount "64"]
[EventDate "2014.10.05"]
[EventType "team-tourn"]
[EventRounds "14"]
[EventCountry "SVK"]
[SourceTitle "EXT 2019"]
[Source "ChessBase"]
[SourceDate "2018.10.10"]
[SourceVersion "1"]
[SourceVersionDate "2018.10.10"]
[SourceQuality "1"]

1. e4 e5 2. Nf3 Nc6 3. Bc4 Bc5 4. d3 Nf6 5. Nc3 0-0 6. Bg5 Be7 7. Bxf6 Bxf6 8. Nd5 d6 9. c3 Na5 10. Nd2 Bg5 11. Ne3 Bxe3 12. fxe3 Nxc4 13. Nxc4 Be6 14. Nd2 Qg5 15. Qe2 f5 16. Nf3 Qh5 17. exf5 Bxf5 18. 0-0 Bg4 19. h3 Bxf3 20. Rxf3 Rxf3 21. Qxf3 Qxf3 22. gxf3 Rf8 23. Rf1 c6 24. Kg2 Rf6 25. Rf2 Kf7 26. b4 Ke6 27. a4 Rg6+ 28. Kh2 a6 29. f4 Rf6 30. Kg3 Rg6+ 31. Kh2 Rf6 32. Kg3 Rg6+ 1/2-1/2

[Event "SVK-chT3B2 1415"]
[Site "Slovakia"]
[Date "2015.01.18"]
[Round "5.3"]
[White "Hoppan, Igor1"]
[Black "Cesnek, Peter"]
[Result "0-1"]
[WhiteElo "1477"]
[BlackElo "1642"]
[PlyCount "164"]
[EventDate "2014.10.05"]
[EventType "team-tourn"]
[EventRounds "14"]
[EventCountry "SVK"]
[SourceTitle "EXT 2019"]
[Source "ChessBase"]
[SourceDate "2018.10.10"]
[SourceVersion "1"]
[SourceVersionDate "2018.10.10"]
[SourceQuality "1"]

1. e4 c6 2. Nf3 d5 3. exd5 cxd5 4. d4 Bf5 5. Nc3 e6 6. Ne5 a6 7. Qf3 Qf6 8. Bd3 Bxd3 9. Qxf6 Nxf6 10. Nxd3 Nc6 11. Be3 Nb4 12. Kd2 Rc8 13. f3 Bd6 14. a3 Nxd3 15. Kxd3 0-0 16. Ne2 h6 17. c3 Nd7 18. Bf4 Bxf4 19. Nxf4 g5 20. Ne2 f5 21. Rhf1 Rfe8 22. f4 g4 23. Rae1 Nf6 24. Rh1 h5 25. h4 Ne4 26. Rhf1 b5 27. Nc1 a5 28. Re3 Rc7 29. Ne2 Kf7 30. Ng3 Kg6 31. Nxe4 dxe4+ 32. Kd2 Rec8 33. Rc1 b4 34. axb4 axb4 35. g3 Kf6 36. Ra1 Rb7 37. Rc1 Rc4 38. Rc2 Ra7 39. Kd1 Ra1+ 40. Rc1 Rxc1+ 41. Kxc1 b3 42. Kd2 Ra4 43. Re1 Ra2 44. Rb1 Ke7 45. c4 Kd6 46. Kc3 Kc6 47. Kxb3 Ra6 48. Kc3 Ra2 49. Rd1 Ra5 50. Rd2 Kd6 51. Kb4 Ra2 52. Kb5 Ra1 53. Re2 Rd1 54. c5+ Kd5 55. c6 Kxd4 56. c7 Rc1 57. Kb6 Kd3 58. Rg2 e3 59. Kb7 e2 60. Rxe2 Kxe2 61. c8Q Rxc8 62. Kxc8 Kf3 63. b4 Kxg3 64. b5 Kxh4 65. b6 g3 66. b7 g2 67. b8Q g1Q 68. Qe5 Qc1+ 69. Kd7 Qc4 70. Qf6+ Kh3 71. Qg5 h4 72. Ke7 Qd5 73. Kf7 Qb3 74. Kf6 Qg3 75. Kxe6 Qg4 76. Qxf5 Qxf5+ 77. Kxf5 Kg3 78. Ke5 h3 79. f5 h2 80. f6 h1Q 81. f7 Qh8+ 82. Ke6 Qf8 0-1

[Event "SVK-chT3B2 1213"]
[Site "Slovakia"]
[Date "2012.11.25"]
[Round "3.8"]
[White "Cesnek, Peter"]
[Black "Vavro, Robert"]
[Result "0-1"]
[WhiteElo "1647"]
[BlackElo "1531"]
[PlyCount "82"]
[EventDate "2012.10.28"]
[EventType "team-tourn"]
[EventRounds "14"]
[EventCountry "SVK"]
[SourceTitle "EXT 2022"]
[Source "ChessBase"]
[SourceDate "2021.10.06"]
[SourceVersion "1"]
[SourceVersionDate "2021.10.06"]
[SourceQuality "1"]
[WhiteTeam "Povazska Bystrica III"]
[BlackTeam "Lehota pod Vtacnikom"]
[WhiteTeamCountry "SVK"]
[BlackTeamCountry "SVK"]

1. e4 e5 2. Nf3 Nc6 3. Bc4 d6 4. d3 Bg4 5. h3 Bh5 6. g4 Bg6 7. Nc3 Be7 8. Nd5 Na5 9. Bb3 Nxb3 10. axb3 c6 11. Nc3 h5 12. g5 h4 13. Be3 a6 14. Qd2 d5 15. d4 Bb4 16. exd5 cxd5 17. Nxe5 Bh5 18. f4 f6 19. Nd3 Bxc3 20. bxc3 Qe7 21. Qg2 Qxe3+ 22. Kf1 Qf3+ 23. Qxf3 Bxf3 24. Re1+ Kf7 25. Rg1 Ne7 26. Kf2 Be4 27. Re3 Rhe8 28. Nc5 Bxc2 29. Nxb7 Nf5 30. g6+ Kf8 31. Rxe8+ Rxe8 32. Nc5 Re3 33. Ra1 Rxc3 34. Rxa6 Nxd4 35. Nd7+ Ke7 36. Ra7 Kd6 37. Nf8 Rc7 38. Rxc7 Kxc7 39. b4 Kd6 40. Ke3 Nb5 41. Kf3 Bf5 0-1

[Event "SVK-chT2B 0607"]
[Site "Slovakia"]
[Date "2006.11.26"]
[Round "4.1"]
[White "Marko, Anton"]
[Black "Cesnek, Peter"]
[Result "1-0"]
[WhiteElo "2096"]
[BlackElo "1880"]
[PlyCount "49"]
[EventDate "2006.10.14"]
[EventType "team-tourn"]
[EventRounds "11"]
[EventCountry "SVK"]
[SourceTitle "EXT 2008"]
[Source "ChessBase"]
[SourceDate "2007.11.25"]
[SourceVersion "1"]
[SourceVersionDate "2007.11.25"]
[SourceQuality "1"]
[WhiteTeam "Partizanske"]
[BlackTeam "Povazska Bystrica II"]
[WhiteTeamCountry "SVK"]
[BlackTeamCountry "SVK"]

1. c4 c6 2. d4 d5 3. Nf3 Nf6 4. Nc3 Bg4 5. Ne5 e6 6. Nxg4 Nxg4 7. e4 Nf6 8. cxd5 exd5 9. e5 Nfd7 10. Bd3 g6 11. 0-0 Bg7 12. f4 Nf8 13. Be3 f5 14. exf6 Bxf6 15. f5 g5 16. Re1 Kd7 17. Rc1 Qc7 18. Nxd5 Qd6 19. Nxf6+ Qxf6 20. d5 Kc7 21. dxc6 Nxc6 22. Qa4 Rd8 23. Be4 Nd7 24. Bxc6 bxc6 25. Bd4 1-0

[Event "SVK-chT2B 0607"]
[Site "Slovakia"]
[Date "2006.11.25"]
[Round "3.2"]
[White "Moravcik, Rastislav"]
[Black "Cesnek, Peter"]
[Result "1-0"]
[WhiteElo "2090"]
[BlackElo "1880"]
[PlyCount "99"]
[EventDate "2006.10.14"]
[EventType "team-tourn"]
[EventRounds "11"]
[EventCountry "SVK"]
[SourceTitle "EXT 2008"]
[Source "ChessBase"]
[SourceDate "2007.11.25"]
[SourceVersion "1"]
[SourceVersionDate "2007.11.25"]
[SourceQuality "1"]
[WhiteTeam "Topolcany"]
[BlackTeam "Povazska Bystrica II"]
[WhiteTeamCountry "SVK"]
[BlackTeamCountry "SVK"]

1. g3 c6 2. Bg2 d5 3. d3 Nf6 4. Nc3 e5 5. e4 d4 6. Nce2 Bg4 7. f3 Be6 8. Bd2 Bd6 9. f4 Qc7 10. Nf3 c5 11. 0-0 Nc6 12. a3 h6 13. h3 0-0-0 14. f5 Bd7 15. g4 Nh7 16. Ng3 f6 17. Nh4 Be8 18. Rf2 Ng5 19. Qe2 Kb8 20. Kh2 Bf7 21. Bf3 Rdg8 22. Nh5 Be7 23. Rg1 Qd7 24. Rg3 Qe8 25. Kg1 g6 26. fxg6 Bxg6 27. Nxg6 Rxg6 28. Bg2 Nd8 29. Qf1 Qf7 30. Rf5 Rf8 31. h4 Nh7 32. Bh3 Ne6 33. Rgf3 Qg8 34. Kh1 Ng7 35. Nxg7 Qxg7 36. Qc1 Rg8 37. Rg3 Qf7 38. Bxh6 Bf8 39. Bd2 Rh8 40. Rh5 Bg7 41. Qf1 Qf8 42. Qf5 Qe8 43. Rf3 Nf8 44. Rxh8 Bxh8 45. g5 Nh7 46. Bg4 Qg8 47. Bh5 Rg7 48. g6 Nf8 49. Qxf6 Nxg6 50. Qd6+ 1-0

[Event "SVK-chT2B 0607"]
[Site "Slovakia"]
[Date "2006.10.14"]
[Round "1.1"]
[White "Szeko, Ludovit"]
[Black "Cesnek, Peter"]
[Result "0-1"]
[WhiteElo "1987"]
[BlackElo "1880"]
[PlyCount "165"]
[EventDate "2006.10.14"]
[EventType "team-tourn"]
[EventRounds "11"]
[EventCountry "SVK"]
[SourceTitle "EXT 2008"]
[Source "ChessBase"]
[SourceDate "2007.11.25"]
[SourceVersion "1"]
[SourceVersionDate "2007.11.25"]
[SourceQuality "1"]
[WhiteTeam "Nove Zamky II"]
[BlackTeam "Povazska Bystrica II"]
[WhiteTeamCountry "SVK"]
[BlackTeamCountry "SVK"]

1. e4 e5 2. d4 exd4 3. Nf3 Bb4+ 4. c3 dxc3 5. bxc3 Ba5 6. Bc4 Ne7 7. 0-0 c6 8. Bg5 h6 9. Bxf7+ Kxf7 10. Ne5+ Ke6 11. Qg4+ Kxe5 12. Bxe7 Qxe7 13. Qf5+ Kd6 14. Qxa5 b6 15. Qa3+ c5 16. Nd2 Qf7 17. Rab1 Bb7 18. Rfd1 Kc7 19. f3 Nc6 20. Nf1 Rhd8 21. Ne3 Ne7 22. c4 Bc6 23. Rb2 d6 24. Rbd2 g6 25. Qc3 Rd7 26. a4 a5 27. Rb1 Qe6 28. Rdb2 Ra6 29. Qd3 Qe5 30. Qe2 Rd8 31. Kh1 Kb7 32. Qc2 h5 33. Rf1 Rf8 34. Rd1 Kc7 35. Rd5 Bxd5 36. cxd5 Qd4 37. Qe2 Rfa8 38. Nc4 Nc8 39. e5 dxe5 40. Rd2 Qa1+ 41. Rd1 Qc3 42. Nxe5 Nd6 43. Rd3 Qc1+ 44. Rd1 Qg5 45. g3 R6a7 46. f4 Qf5 47. Re1 Re8 48. Qb2 Raa8 49. Rb1 Qe4+ 50. Kg1 Rab8 51. Nc6 Qe3+ 52. Kf1 Qd3+ 53. Kg1 Qxd5 54. Nxb8 Rxb8 55. Qg7+ Qf7 56. Qb2 Rb7 57. Qe5 Kc6 58. Rd1 Rd7 59. Qh8 Qe6 60. Qa8+ Rb7 61. Qa6 Qe3+ 62. Kg2 Qe4+ 63. Kh3 Qe6+ 64. Kg2 Re7 65. Qa8+ Nb7 66. Rd2 Qe4+ 67. Kh3 Re8 68. Qa6 Nd6 69. Rb2 Rb8 70. Qf1 Qf5+ 71. Kg2 Re8 72. Qa6 Qe4+ 73. Kh3 h4 74. Rxb6+ Kc7 75. Qa7+ Nb7 76. Rf6 hxg3 77. Rf7+ Re7 78. Rxe7+ Qxe7 79. hxg3 Qh7+ 80. Kg2 Qf7 81. Qa8 Qd5+ 82. Kh2 Qh5+ 83. Kg1 0-1